| 000 | 00405nam a22001577a 4500 | ||
|---|---|---|---|
| 020 | _a9788193758984 | ||
| 082 |
_aM1 _bSIV/G |
||
| 100 | _aSivasankaran Nair Tamattoor | ||
| 245 |
_aGuruvachanam/ _cby Sivasankaran Nair Tamattoor |
||
| 260 |
_aErnakulam: _bBuddha Books, _c2020. |
||
| 300 | _a72p. | ||
| 650 | _aPoetry Malayalam | ||
| 650 | _aLiterature Malayalam | ||
| 650 | _aLiterature | ||
| 942 | _cBK | ||
| 999 |
_c173977 _d173977 |
||